BSOP header

Ministerial ethics : (Record no. 23963)

MARC details
000 -LEADER
fixed length control field 00695nam a2200181 4500
008 - FIXED-LENGTH DATA ELEMENTS--GENERAL INFORMATION
fixed length control field 050727s1993 tnu b 000 0 eng
020 ## - INTERNATIONAL STANDARD BOOK NUMBER
International Standard Book Number 0805410562 :USD14.99
090 ## - LOCALLY ASSIGNED LC-TYPE CALL NUMBER (OCLC); LOCAL CALL NUMBER (OCLC)
Classification number (OCLC) (R) ; Classification number, CALL (RLIN) (NR) BV4011.5
Local cutter number (OCLC) ; Book number/undivided call number, CALL (RLIN) T76m
100 1# - MAIN ENTRY--PERSONAL NAME
Personal name Trull, Joe E.
245 10 - TITLE STATEMENT
Title Ministerial ethics :
Remainder of title being a good minister in a not-so-good world /
Statement of responsibility, etc [Joe E. Trull & James E. Carter].
260 ## - PUBLICATION, DISTRIBUTION, ETC. (IMPRINT)
Place of publication, distribution, etc [Nashville, Tenn.] :
Name of publisher, distributor, etc Broadman & Holman Publishers,
Date of publication, distribution, etc c1993.
300 ## - PHYSICAL DESCRIPTION
Extent 256 p. ;
Dimensions 23 cm.
504 ## - BIBLIOGRAPHY, ETC. NOTE
Bibliography, etc Includes bibliographical references.
650 #4 - SUBJECT ADDED ENTRY--TOPICAL TERM
Topical term or geographic name as entry element Clergy
General subdivision Conduct of life.
650 #4 - SUBJECT ADDED ENTRY--TOPICAL TERM
Topical term or geographic name as entry element Clergy
General subdivision Professional ethics.
951 ## - EQUIVALENCE OR CROSS-REFERENCE-GEOGRAPHIC NAME/AREA NAME [OBSOLETE] [CAN/MARC only]
General subdivision 00014424
700 1# - ADDED ENTRY--PERSONAL NAME
Personal name Carter, James E.,
Dates associated with a name 1935-
951 ## - EQUIVALENCE OR CROSS-REFERENCE-GEOGRAPHIC NAME/AREA NAME [OBSOLETE] [CAN/MARC only]
-- 16975
-- BV4011.5/T76m
-- 070613111506421
-- 2000-12-21
-- GC
Holdings
Withdrawn status Lost status Damaged status Not for loan Home library Current library Shelving location Date acquired Accession number Shelving control number Total Checkouts Full call number Barcode Date last seen Price effective from Koha item type
        BSOP Library BSOP Library GC 12/21/2000 16975 127   BV4011.5/T76m 00014424 02/23/2013 02/23/2013 Books
BSOP

Biblical Seminary of the Philippines
  All rights Reserved
  © 2024

CONTACT INFORMATION

Biblical Seminary of the Philippines,
  77-B Karuhatan Road, Valenzuela City,
  PHILIPPINES 1441
  Phone: +632 8292-6795 / 8292-6798
  Fax : +632 8292-6675
  Email: library@bsop.edu.ph